000 01010ngm a2200325 a 4500
003 BLK
005 20240610153026.0
008 180410b bul||n||s|||||||| mzbulo|
010 _aCDD00004843000
040 _aBLK
041 _aDEU
_cDEU
080 _aХудожествени филмови жанрове
_b791.221/.228
_z791.221/.228
245 1 0 _aDoktor Dolittle Archivschatze [DVD видео]
_bDVD 1-2
_canim. und Reg. Lotte Reiniger.
_nDVD 1
257 _aDEU
260 _bAbsolut Medien
_c2008
_aBerlin
300 _a1 DVD
_bPAL : 133 мин.
_c12 см
380 _a7
505 _tDoktor Dolittle und seine Tiere
505 _tDie Jagd nach dem Gluck
700 1 _aReiniger, Lotte
_eanim. und Reg.
_922261
760 1 _h133мин.
_tDVD 1
852 _aЦб CD 2851
_p2
856 4 _qpdf
_u
856 4 _qpdf
_u
942 _cCDD
_n0
944 _aCR
_c19.05.2011
_k30542
_lРусанова Ирена
944 _aED
_c19.05.2011
_kr,
999 _c222929
_d222929
999 _d222929
999 _d222929